000 01033nam a2200241Ia 4500
999 _c39061
_d39061
001 5604
003 GE_BSU
005 20190602025335.0
008 181216s1988||||ge |||||||||||||| ||geo||
040 _cGE_BSU
041 _ageo
080 _a624.011(075.8) ბ-56
100 _aბერიშვილი, ი.
_9338
245 _aხისა და პლასტმასის კონსტრუქციები :
_bსახელმძღვ . /
_cი. ბერიშვილი ; რედ. პ. ლაბარტყავა.
264 _aთბილისი :
_bგანათლება ,
_c1988 .
300 _a440 გვ ;
_c22სმ .
504 _aბიბლიოგრ. : გვ.432
653 _aხისა და პლასტმასის კონსტრუქციები ;
653 _aმშენებლობა
700 _aი.ბერიშვილი
_9339
700 _aპ. ლაბარტყავა.
_eრედაქტორი
_9340
942 _cBK
_2udc